| 000 | 00632nam a22002057a 4500 | ||
|---|---|---|---|
| 005 | 20251108170532.0 | ||
| 008 | 250721s2001 xx 000 0 ara d | ||
| 082 | 1 | 4 | _a818.02/معن |
| 100 | 1 | _aالمعني، حسين بن فخر الدين بن قرقماس | |
| 245 | 1 | 0 | _aكتاب التميز / |
| 264 | 1 |
_aعمان : _bدار الشرق، _c2001. |
|
| 300 | _a556ص | ||
| 650 | 1 | 7 | _aالأدب العربي |
| 650 | 1 | 7 | _aالحكم |
| 650 | 1 | 7 | _aالأمثال |
| 700 | 1 |
_aالبخيت، محمد عدنان _eتحقيق |
|
| 700 | 1 | _aالسواريه، نوفان الجمود | |
| 942 |
_2ddc _cBK |
||
| 999 |
_c42909 _d42909 |
||